00602cam a22002051i 450000100060000000300080000600500170001400800390003103500190007003500190008904000440010804100080015208200180016024500570017826000360023530000270027150400460029865000150034470000370035933285BD-RjUL20211209051959.0140507s1964 enk 001 0 eng a(BD-RjUL)33376 a(OCoLC)3233986 aDLCcInESdOCoLCdUkdDLCdBD-RjULbeng aeng a301bFRO 196414aThe Frontiers of sociology /cedited by T. R. Fyvel. aLondon :bCohen & West,cc1964. aviii, 107 p. ;c19 cm. aIncludes bibliography (p. 104) and index. 0aSociology.1 aFyvel, T. R.q(Tosco R.),d1907-